Conservación preventiva de documentos cartográficos elaborados en papel. (Record no. 5766)

MARC details
000 -CABECERA
campo de control de longitud fija 00775nam a2200205 a 4500
001 - NÚMERO DE CONTROL
campo de control BRCA_6079
005 - FECHA Y HORA DE LA ÚLTIMA TRANSACCIÓN
campo de control 20190320205327.0
008 - DATOS DE LONGITUD FIJA--INFORMACIÓN GENERAL
campo de control de longitud fija 170608s1996----mx-a---###---#000-0#spa-#
050 #4 - SIGNATURA TOPOGRÁFICA DE LA BIBLIOTECA DEL CONGRESO
Número de clasificación G1549
Número de documento/Ítem .U55 1996
100 1# - ENTRADA PRINCIPAL--NOMBRE DE PERSONA
Nombre de persona Unikel Santoncini, Fanny
9 (RLIN) 15368
245 10 - MENCIÓN DE TÍTULO
Título Conservación preventiva de documentos cartográficos elaborados en papel.
260 ## - PUBLICACIÓN, DISTRIBUCIÓN, ETC.
Lugar de publicación, distribución, etc. Ciudad de México
Fecha de publicación, distribución, etc. 1996
300 ## - DESCRIPCIÓN FÍSICA
Extensión 122 p.
Otras características físicas il.
502 ## - NOTA DE TESIS
Nota de tesis Tesis Licenciatura (Licenciada en Restauración de Bienes Muebles) Escuela Nacional de Conservación, Restauración y Museografía ´Manuel del Castillo Negrete´
650 14 - PUNTO DE ACCESO ADICIONAL DE MATERIA--TÉRMINO DE MATERIA
Término de materia o nombre geográfico como elemento de entrada Cartografía
Subdivisión general Conservación y restauración
9 (RLIN) 15369
650 14 - PUNTO DE ACCESO ADICIONAL DE MATERIA--TÉRMINO DE MATERIA
Término de materia o nombre geográfico como elemento de entrada Mapas
9 (RLIN) 10484
700 1# - PUNTO DE ACCESO ADICIONAL--NOMBRE DE PERSONA
Nombre de persona Galván Madrid, José Luis
Término indicativo de función/relación asesor
9 (RLIN) 15370
902 ## - CATALOGADOR
Iniciales TES
942 ## - ELEMENTOS DE PUNTO DE ACCESO ADICIONAL (KOHA)
Fuente del sistema de clasificación o colocación Library of Congress Classification
Tipo de ítem Koha Tesis
Holdings
Estado de retiro Estado de pérdida Estado dañado No para préstamo Localización permanente Ubicación/localización actual Fecha de adquisición Total de préstamos Signatura topográfica completa Código de barras Fecha visto por última vez Precio válido a partir de Tipo de ítem Koha
El ejemplar forma parte de la colección y puede ser consultado según las políticas vigentes.       Biblioteca del Museo Franz Mayer (Rogerio Casas-Alatriste) Biblioteca del Museo Franz Mayer (Rogerio Casas-Alatriste) 24/05/2011   G1549 .U55 1996 TES00045 22/03/2019 22/03/2019 Tesis